Statistics for Generator Puzzle #23

Click here to take the quiz!

General Stats

  • This quiz has been taken 847 times
  • The average score is 17 of 21

Answer Stats

HintAnswer% Correct
In need of foodHungry
96%
Cocaine or meth, eg.Drug
95%
Bee foodHoney
95%
The H in H2OHydrogen
95%
CircularRound
95%
BeneathUnder
95%
Car tooterHorn
89%
Less oldYounger
89%
SufficientEnough
86%
Coarse, not smoothRough
86%
Food you kneadDough
85%
Earth's solid surfaceGround
84%
Desert sand bankDune
81%
In one's birthday suitNude
81%
Kissinger or FordHenry
80%
Group of elephantsHerd
77%
Pilotless aircraftDrone
76%
Refuse to admitDeny
74%
Long-legged wading birdHeron
59%
Prod gentlyNudge
55%
9-Letter WordGREYHOUND
25%

Score Distribution

Percentile by Number Answered

Percent of People with Each Score

Your Score History

You have not taken this quiz